000
00203 a2200097 4500
001
26826
100
_a
Stewart, M
245
_a
Triple jeopardy
260
_a
_b
Hodder staughton
_c
090
_c
18058
_d
18058
942
_a
NUST-CAE
_c
M
_c
8956
999
_c
261899
_d
261899